[Event "Mlada Boleslav Region-ch U20"]
[Site "Mlada Boleslav"]
[Date "2013.06.23"]
[Round "6"]
[White "Novotny, Martin1111"]
[Black "Kronowetterova, Marie"]
[Result "1-0"]
[WhiteElo "1100"]
[BlackElo "1100"]
[PlyCount "81"]
[EventDate "2013.06.22"]
[EventType "swiss"]
[EventRounds "7"]
[EventCountry "CZE"]
[SourceTitle "EXT 2015"]
[Source "ChessBase"]
[SourceDate "2014.11.20"]
[SourceVersion "1"]
[SourceVersionDate "2014.11.20"]
[SourceQuality "1"]

1. d4 d5 2. e3 Nc6 3. Bb5 a6 4. Bxc6+ bxc6 5. Qd3 Nf6 6. f3 e6 7. Qc3 a5 8. Qxc6+ Bd7 9. Qc3 Bb4 10. Qxb4 axb4 11. Ne2 0-0 12. Bd2 Ra4 13. b3 Ra5 14. Bxb4 Qa8 15. Nbc3 Ra6 16. g4 Qc6 17. a4 Rb6 18. Ba3 Qxc3+ 19. Nxc3 Rc8 20. g5 Nh5 21. Rb1 e5 22. dxe5 Re8 23. 0-0 Rxe5 24. g6 Rxg6+ 25. Kh1 Bh3 26. Rf2 Rxe3 27. Nxd5 Re5 28. Nxc7 Reg5 29. a5 Nf4 30. Rd1 h5 31. Rdd2 Rxa5 32. Rd8+ Kh7 33. Bc1 Rc5 34. Bxf4 Rf5 35. Bg3 Rxf3 36. Rxf3 Bg4 37. Rxf7 Rc6 38. Rdd7 Be2 39. Kg1 Rxc2 40. Rxg7+ Kh6 41. Bf4# 1-0

[Event "Mlada Boleslav Region-ch U20"]
[Site "Mlada Boleslav"]
[Date "2013.06.23"]
[Round "7"]
[White "Safranek, Jan"]
[Black "Kronowetterova, Marie"]
[Result "0-1"]
[WhiteElo "1250"]
[BlackElo "1100"]
[PlyCount "89"]
[EventDate "2013.06.22"]
[EventType "swiss"]
[EventRounds "7"]
[EventCountry "CZE"]
[SourceTitle "EXT 2015"]
[Source "ChessBase"]
[SourceDate "2014.11.20"]
[SourceVersion "1"]
[SourceVersionDate "2014.11.20"]
[SourceQuality "1"]

1. e4 e5 2. Nf3 Nc6 3. Nc3 Nf6 4. Be2 Bc5 5. Nxe5 Qe7 6. Nxc6 bxc6 7. d4 Bb6 8. e5 Nd5 9. Nxd5 cxd5 10. Bd3 Bxd4 11. c3 Bc5 12. Bf4 d6 13. 0-0 dxe5 14. Re1 0-0 15. Bb1 Qf6 16. Qc2 g6 17. Bxe5 Qg5 18. c4 f6 19. Bxc7 Bh3 20. g3 f5 21. cxd5 Bb4 22. f4 Qf6 23. Be5 Qb6+ 24. Kh1 Bxe1 25. a3 Bg4 26. Ba2 Bf3+ 27. Qg2 Bxg2+ 28. Kxg2 Qf2+ 29. Kh3 Bd2 30. d6+ Rf7 31. d7 g5 32. fxg5 Kf8 33. Bd6+ Re7 34. a4 Bxg5 35. Bd5 Rd8 36. Rc1 Rdxd7 37. Rc8+ Rd8 38. Rxd8+ Kg7 39. Rg8+ Kf6 40. Rxg5 Kxg5 41. Bxe7+ Kh5 42. Bf7+ Kh6 43. b4 Qe2 44. Bc5 Qe4 45. g4 0-1